000 00318nam a2200145 4500
008 190521s2006||||xo d
245 1 0 _aSkrytá mystéria
260 _bEugenika
_aBA
_c2006
250 _a2.vydanie
300 _a170s.
020 _a8088913519
_c0
041 1 _aslo
044 _axo
_cSK
958 _aAUL
999 _c22425
_d22425